Countries in Indian flag on map - Statistics

General Stats
  • This quiz has been taken 95 times
    94 since last reset
  • The average score is 23 of 28
Answers on the Map
Answers color-coded by a green-red scale on the quiz's map according to % correct below.
 
Answer Stats
Answer % Correct
China
95%
India
92%
Bhutan
88%
Iran
88%
Nepal
88%
Bangladesh
87%
Oman
87%
Pakistan
87%
Qatar
87%
Yemen
87%
Afghanistan
86%
Iraq
86%
Kuwait
86%
Saudi Arabia
86%
United Arab Emirates
86%
Egypt
84%
Myanmar
83%
Israel
82%
Jordan
82%
Vietnam
82%
Laos
80%
Sudan
80%
Taiwan
80%
Thailand
80%
Bahrain
76%
Philippines
75%
Syria
75%
Cambodia
33%
No matching quizzes found
Score Distribution
Percent of People with Each Score
Percentile by Number Answered
Your Score History
You have not taken this quiz since the last reset